| 000 | 00824nam a22001457a 4500 | ||
|---|---|---|---|
| 020 | _a0-743-41491-8 | ||
| 082 |
_a823 _bDUB/R |
||
| 100 | _aDUBOWSKI, CATHY EAST | ||
| 245 |
_aRIGRATS IN PARIS _bTHE MOVIE |
||
| 260 |
_aLONDON _bSIMON & SCHUSTER UK LTD _c1999 |
||
| 300 | _a141 | ||
| 520 | _aIn the long-running animated series' second feature film, the focus is on the show's perennial second banana, Chuckie (Christine Cavanaugh). Dads Stu (Jack Riley) and Chaz (Michael Bell) are unexpectedly sent to Euro-Reptarland in Paris, where the animatronic dinosaurs they built for the amusement park are malfunctioning, much to the displeasure of manager Coco La Bouche (Susan Sarandon). When the dislikable Coco gets interested in the single Chaz, Chuckie and his friends swing into action. | ||
| 650 | _aSHORT STORY | ||
| 942 | _cBK | ||
| 999 |
_c5852 _d5852 |
||